Vengeance Of Ravana : Book Seven Of The Ramayana (Record no. 41321)

MARC details
000 -LEADER
fixed length control field 00388nam a2200133Ia 4500
008 - FIXED-LENGTH DATA ELEMENTS--GENERAL INFORMATION
fixed length control field 240719s9999 xx 000 0 und d
041 ## - LANGUAGE CODE
Language code of text/sound track or separate title eng
082 ## - DEWEY DECIMAL CLASSIFICATION NUMBER
Classification number 823 BAN
100 ## - MAIN ENTRY--PERSONAL NAME
Personal name BANKER, ASHOK K
245 ## - TITLE STATEMENT
Title Vengeance Of Ravana : Book Seven Of The Ramayana
260 ## - PUBLICATION, DISTRIBUTION, ETC.
Place of publication, distribution, etc. New Delhi
Name of publisher, distributor, etc. Penguin Random House
Date of publication, distribution, etc. 2011
300 ## - PHYSICAL DESCRIPTION
Extent 320;. P. 22 Cm
520 ## - SUMMARY, ETC.
Summary, etc. Gifted By : IMT Faculty Dr.Pawan sir
Holdings
Withdrawn status Lost status Damaged status Not for loan Home library Current library Shelving location Date acquired Cost, normal purchase price Total Checkouts Full call number Barcode Date last seen Date last checked out Price effective from Koha item type Public note
        IMTN IMTN Rack 39-A 06/15/2023 299.00 2 823 BAN 33016 07/11/2025 07/03/2025 07/19/2024 Books Gifted
Designed & Maintained by: LRC IMT Nagpur Contact: lrc@imtnag.ac.in© 2024. All Rights Reserved.